000 03225cam a2200289 4500500
005 20260405003649.0
041 _afre
042 _adc
100 1 0 _aMazza, Graziano
_eauthor
245 0 0 _aThe Enlightenment of an Entrepreneur: A Multidisciplinary Exploration of Management, Psychology and Economic Theology
260 _c2025.
500 _a45
520 _aThis conceptual paper explores how Economic Theology’s ideas of calling, oikonomia, and entrepreneurship can enhance entrepreneurs’ ability to navigate sustainability transitions. Integrating concepts from various disciplines, it reimagines entrepreneurship as an iterative learning process that addresses societal challenges. The paper analyses existing Religion of Work theories, providing societal, psychological, and anthropological insights. It elucidates the concept of calling in entrepreneurship, suggesting that work can have transcendent meaning and purpose. Additionally, it examines boundaryless careers and the significance of work, portraying entrepreneurship as a profession with humanitarian and spiritual dimensions. The paper outlines fundamental beliefs and frameworks for societal contribution through entrepreneurship, emphasizing the individual-in-society perspective. It advocates for entrepreneurs as moral agents aligned with community values and proposes a shift from viewing economic actions as mere resource allocation to recognizing entrepreneurial action as an expression of human agency. JEL Codes: B5
520 _aCet article conceptuel examine comment les notions de vocation, oikonomia et entrepreneuriat de la Théologie Économique peuvent renforcer la capacité des entrepreneurs à gérer les transitions vers la durabilité. En intégrant des idées de diverses disciplines, il conceptualise l’entrepreneuriat comme un processus d’apprentissage itératif et sociétal. L’article analyse la théorie de la Religion du Travail sous des angles sociétaux, psychologiques et anthropologiques, éclairant la capacité des entrepreneurs à comprendre les défis complexes de la société interconnectée. Il explicite le concept de vocation dans l’entrepreneuriat, suggérant que le travail peut avoir un sens et un but transcendants. En explorant les carrières sans frontières, il présente l’entrepreneuriat comme une profession avec des dimensions humanitaires et spirituelles. L’article souligne l’importance des croyances et des cadres pour contribuer à la société, plaidant pour l’entrepreneur comme agent moral aligné sur les valeurs communautaires, et propose une révision de l’action économique comme expression de l’agence humaine.
690 _aanthropologie
690 _achamanisme
690 _amanagement soutenable
690 _apsychologie du travail
690 _athéologie économique
690 _aanthropology
690 _aeconomic theology
690 _ashamanism
690 _asustainable management
690 _awork psychology
786 0 _nMarché et organisations | Pub. anticipées | 2025-12-31 | p. I157-XXXII | 1953-6119
856 4 1 _uhttps://shs.cairn.info/revue-marche-et-organisations-2026-0-page-I157?lang=fr&redirect-ssocas=7080
999 _c2069716
_d2069716